ARRUPE JESUIT UNIVERSITY

CORONAVIRUS -STOP THE SPREAD - CLEAN,DISINFECT,COVER

The romance of the golden Rand; (Record no. 124052)

MARC details
000 -LEADER
fixed length control field 01007cam a22002651 4500
001 - CONTROL NUMBER
control field 8293110
003 - CONTROL NUMBER IDENTIFIER
control field ARRUPE
005 - DATE AND TIME OF LATEST TRANSACTION
control field 20160127114349.0
008 - FIXED-LENGTH DATA ELEMENTS--GENERAL INFORMATION
fixed length control field 780720s1933 enkabce 000 0 eng
010 ## - LIBRARY OF CONGRESS CONTROL NUMBER
LC control number 34017267
035 ## - SYSTEM CONTROL NUMBER
System control number (OCoLC)4070703
040 ## - CATALOGING SOURCE
Original cataloging agency DLC
Transcribing agency NcRS
Modifying agency NcRS
-- OCoLC
-- DLC
042 ## - AUTHENTICATION CODE
Authentication code premarc
043 ## - GEOGRAPHIC AREA CODE
Geographic area code f-sa---
050 00 - LIBRARY OF CONGRESS CALL NUMBER
Classification number TN427.S6
Item number M3
082 ## - DEWEY DECIMAL CLASSIFICATION NUMBER
Classification number 622.34
300 ## - PHYSICAL DESCRIPTION
Other physical details front., illus. (maps, plans) plates, ports.
Dimensions 22 cm.
100 1# - MAIN ENTRY--PERSONAL NAME
Personal name Macdonald, William,
Dates associated with a name 1875-1935.
9 (RLIN) 21821
245 14 - TITLE STATEMENT
Title The romance of the golden Rand;
Remainder of title being the romantic story of the life and work of the pioneers of the Witwatersrand--the world's greatest goldfields,
Statement of responsibility, etc by William Macdonald ... with four maps and eleven illustrations.
260 ## - PUBLICATION, DISTRIBUTION, ETC. (IMPRINT)
Place of publication, distribution, etc London [etc.]
Name of publisher, distributor, etc Cassell and Company, limited
Date of publication, distribution, etc [1933]
300 ## - PHYSICAL DESCRIPTION
Extent xiii, 314 p.
650 #0 - SUBJECT ADDED ENTRY--TOPICAL TERM
Topical term or geographic name as entry element Gold mines and mining
Geographic subdivision Transvaal
-- Witwatersrand.
9 (RLIN) 21846
740 4# - ADDED ENTRY--UNCONTROLLED RELATED/ANALYTICAL TITLE
Uncontrolled related/analytical title The golden Rand.
906 ## - LOCAL DATA ELEMENT F, LDF (RLIN)
a 7
b cbc
c oclcrpl
d u
e ncip
f 19
g y-gencatlg
942 ## - ADDED ENTRY ELEMENTS (KOHA)
Source of classification or shelving scheme Library of Congress Classification
Koha item type SPC
Holdings
Withdrawn status Lost status Source of classification or shelving scheme Damaged status Not for loan Collection code Home library Current library Shelving location Date acquired Total Checkouts Full call number Barcode Date last seen Price effective from Koha item type
    Library of Congress Classification     SPECIAL Collection ARRUPE LIBRARY ARRUPE LIBRARY Reference 27/01/2016   SPC TN427.S6 M3 46500006139 27/01/2016 27/01/2016 SPC

 

Arrupe Library. PO Box MP320 Mt Pleasant, Harare, Zimbabwe
263 242 745411|librarian@aju.ac.zw